Οικονομετρία : ανάλυση απλής παλινδρόμησης

Αποθηκεύτηκε σε:
Λεπτομέρειες βιβλιογραφικής εγγραφής
Κύριος συγγραφέας: Θαλασσινός, Λευτέρης Ι.
Μορφή: Βιβλίο
Γλώσσα:Greek
Δημοσίευση: Πειραιάς : Σταμούλης, 1992
Θέματα:
Ετικέτες: Προσθήκη ετικέτας
Δεν υπάρχουν, Καταχωρήστε ετικέτα πρώτοι!

MARC

LEADER 00000cam a2200000 i 4500
001 1/18596
008 010319s1992 gre d
035 |l 10066548 
040 |a GR-MY-UA  |b gre  |e aacr 
041 0 |a gre 
082 0 |a 519.536 
100 1 |a Θαλασσινός, Λευτέρης Ι. 
245 1 0 |a Οικονομετρία :  |b ανάλυση απλής παλινδρόμησης /  |c Λευτέρης Ι. Θαλασσινός 
260 |a Πειραιάς :   |b Σταμούλης,   |c 1992 
300 |a 169 σ. 
504 |a Περιέχει βιβλιογραφία 
650 0 0 |a Regression analysis. 
650 0 0 |a Statistics. 
650 0 0 |a Econometrics. 
852 |a INST  |b CHIOS  |e 20010319  |h 519.536 ΘΑΛ  |p 005200016992  |q 005200016992  |t BK  |y 0 
901 |a BIBL2-2001-1 
909 |a Χ  |b 076206 
970 |a ΣΠΕΝΤΖΑ  |b ΕΛΕΝΗ  |z 2001/03/19